| 000 | 00707 a2200217 4500 | ||
|---|---|---|---|
| 999 |
_c6973 _d6973 |
||
| 020 | _a9780415115858 | ||
| 050 | _aGN 861 SHA 1993 | ||
| 245 |
_aThe Archaeology of Africa : _bFood, metals, and towns _cedited by Thurstan Shaw, Paul Sinclair, Bassey Andah & Alex Okpoko |
||
| 264 |
_aLondon : _bRoutledge, _c1993. |
||
| 300 |
_axxxvi, 857 pages : _b ill. |
||
| 500 | _aincludes bibliographical references and index | ||
| 650 | _aPrehistoric peoples | ||
| 650 | _a Africa -- Antiquities. | ||
| 650 | _aAgriculture, Prehistoric | ||
| 651 | _aAfrica. | ||
| 700 | _aShaw, Thurstan. | ||
| 700 | _aSinclair, Paul | ||
| 700 | _aAndah, Bassey | ||
| 700 | _aOkpoko, Alex | ||
| 942 |
_2lcc _cBK _h861 _iSHA _kGN |
||